Paesi che hanno vinto almeno 100 medaglie ai Giochi Olimpici estivi - Statistics

Statistiche generali
  • Questo quiz è stato fatto 110 volte
  • Il punteggio medio è 27 su 36
Statistiche sulle risposte
Medaglie complessive Medaglie d'Oro Medaglie d'Argento Medaglie di Bronzo Rappresentativa olimpica % Corretto
658 229 201 228 Italia
99%
815 239 277 299 Francia
98%
688 213 220 255 Germania
98%
2755 1101 874 780 Stati Uniti
98%
727 303 226 198 Cina
97%
428 149 125 154 Russia
97%
170 40 49 81 Brasile
96%
353 80 117 156 Canada
96%
542 189 162 191 Giappone
95%
187 53 76 58 Spagna
95%
600 182 192 226 Australia
92%
981 298 340 343 Gran Bretagna
88%
514 151 181 182 Svezia
86%
171 65 53 53 Norvegia
85%
308 73 93 142 Polonia
84%
356 110 112 134 Paesi Bassi
82%
305 101 85 119 Finlandia
81%
118 28 54 36 Squadra Unificata Tedesca
77%
129 36 46 47 Grecia
76%
167 47 57 63 Belgio
75%
157 63 40 54 Nuova Zelanda
75%
320 109 100 111 Corea del Sud
73%
151 38 41 72 Ucraina
68%
214 54 81 79 Svizzera
67%
214 50 80 84 Danimarca
66%
317 93 101 123 Romania
66%
530 187 161 182 Ungheria
66%
1010 395 319 296 Unione Sovietica
65%
111 41 29 41 Turchia
63%
124 39 44 41 Kenya
60%
231 57 89 85 Bulgaria
58%
409 153 129 127 Germania Est
51%
112 45 38 29 Squadra Unificata
46%
244 86 70 88 Cuba
44%
143 49 49 45 Cecoslovacchia
40%
204 56 67 81 Germania Ovest
36%
Nessun quiz corrispondente trovato
Distribuzione punteggi
Percentuale di utenti per punteggio
Percentile per numero di risposta
I tuoi punteggi nel tempo
Non hai fatto questo quiz